| 000 | 00573nam a2200205 a 4500 | ||
|---|---|---|---|
| 008 | |||
| 020 | _a0435901311 (pbk.) | ||
| 049 | _aMAIN | ||
| 090 |
_aPR6023.E833 _bLES. |
||
| 100 | 1 | 0 | _aLessing, Doris May. |
| 245 | 1 | 4 |
_aThe grass is singing / _cDoris Lessing. |
| 260 | 0 |
_aOxford : _bHeinemann Educational, _c1973. |
|
| 300 |
_a256 p. : _c19 cm. |
||
| 440 | _aAfrican writers series. | ||
| 907 |
_a.b10141984 _b06-07-09 _c03-12-04 |
||
| 003 | |||
| 005 | 20230123133856.0 | ||
| 040 | _cNUST | ||
| 942 |
_cBOOKS _kPR6023.E833 _mLES. |
||
| 999 |
_c156117 _d156117 |
||